MARC

LEADER 00000nam0a2200000 4500
001 333033
005 20231102004520.0
035 |a (RuTPU)RU\TPU\book\359028 
035 |a RU\TPU\book\21216 
090 |a 333033 
100 |a 20170606d1958 m y0rusy50 ca 
101 0 |a rus 
102 |a RU 
105 |a a z 001zb 
200 1 |a Леонардо да Винчи: творческая биография  |f М. А. Гуковский 
210 |a Ленинград  |a Москва  |c Искусство  |d 1958 
215 |a 170 с.  |c ил. 
320 |a Библиогр.: с. 167-168 
320 |a Список иллюстраций: с. 169-170 
600 0 |a Леонардо да Винчи  |c итальянский живописец  |c скульптор  |f 1452-1519  |2 stltpush  |3 (RuTPU)RU\TPU\pers\8521 
606 1 |a Живописцы  |2 stltpush  |3 (RuTPU)RU\TPU\subj\10834  |9 37852 
610 1 |a искусство 
610 1 |a изобразительное искусство 
610 1 |a живопись 
610 1 |a итальянская живопись 
610 1 |a 15 век 
610 1 |a Возрождение 
610 1 |a биография 
610 1 |a творчество 
610 1 |a художники 
675 |a 75.071(092)  |v 3 
700 1 |a Гуковский  |b М. А.  |g Матвей Александрович 
801 0 |a RU  |b 63413507  |c 20011209  |g PSBO 
801 2 |a RU  |b 63413507  |c 20201023  |g PSBO 
942 |c BK